Casos y textos de derecho internacional público /

Guardado en:
Autor Principal: Casanovas y La Rosa, Oriol
Otros Autores: Diez de Velasco Vallejo, Manuel, (prol.)
Formato: Desconocido
Idioma:Spanish
Publicado: Madrid : Tecnos, 1986
Edición:4a. reimp.
Series:Práctica Jurídica
Materias:
Etiquetas: Agregar Etiqueta
Sin Etiquetas, Sea el primero en etiquetar este registro!
LEADER 00628nac a22001815a 4500
001 DER.der002072
008 180615s1986####|||||||||||||||||#||spa||
005 20250306130453.0
245 1 0 |a Casos y textos de derecho internacional público /  |c Oriol Casanovas y La Rosa ; prólogo de Manuel Diez de Velasco Vallejo. 
250 |a 4a. reimp. 
260 |a Madrid :  |b Tecnos,  |c 1986 
300 |a 727 p. 
490 1 |a Práctica Jurídica 
020 |a 843091112X 
100 1 |a Casanovas y La Rosa, Oriol 
700 1 |a Diez de Velasco Vallejo, Manuel,  |e prol. 
650 7 |a DERECHO INTERNACIONAL PUBLICO 
859 |a DERECHO  |b BIB. DERECHO  |h 341  |i CAS  |p 004183